| 000 | 01071nam a2200313 i 4500 | ||
|---|---|---|---|
| 001 | 008745997 | ||
| 003 | EG-ScBUE | ||
| 005 | 20230405100328.0 | ||
| 008 | 911021r20191991enka f b 001 0 eng d | ||
| 020 | _a9780500275825 | ||
| 040 |
_aUk _beng _erda _cUk _dEG-ScBUE |
||
| 082 | 0 | 4 |
_a709.04 _222 _bHUG |
| 100 | 1 |
_aHughes, Robert, _d1938-2012, _eauthor. |
|
| 245 | 1 | 4 |
_aThe shock of the new : _bart and the century of change / _cRobert Hughes. |
| 250 | _aUpdated and enlarged edition. | ||
| 250 | _aReprinted edition. | ||
| 264 | 1 |
_aLondon : _bThames & Hudson Ltd, _c2019. |
|
| 300 |
_a444 pages : _billustrations (some color) ; _c28 cm |
||
| 336 |
_atext _2rdacontent _btxt |
||
| 337 |
_aunmediated _2rdamedia _bn |
||
| 338 |
_avolume _2rdacarrier _bnc |
||
| 500 | _aPrevious ed. published: London: British Broadcasting Corporation, 1988. | ||
| 504 | _aIncludes bibliographical references and index. | ||
| 650 | 7 |
_aArt, Modern. _2BUEsh |
|
| 653 |
_bART _cApril2023 |
||
| 655 | _vReading book | ||
| 942 |
_2ddc _cBB |
||
| 999 |
_c30269 _d30240 |
||